Topological methods in the theory of functions of a complex variable /

Guardado en:
Autor Principal: Morse, Marston, 1892-1977.
Formato: Libro
Idioma:English
Publicado: Princeton : Princeton Univ. Press, 1947
Series:Annals of mathematics studies ; no. 15
Materias:
Etiquetas: Agregar Etiqueta
Sin Etiquetas, Sea el primero en etiquetar este registro!
LEADER 00762cam a22002175a 4500
001 MAT.inmabb002885
008 900507s1947####nju######b####000#0#eng##
005 20130416155731.0
245 1 0 |a Topological methods in the theory of functions of a complex variable /  |c by Marston Morse. 
260 |a Princeton :  |b Princeton Univ. Press,  |c 1947  |e (New York :  |f Kraus Reprint Corp.,  |g 1965) 
300 |a ii, 145 p. ;  |c 23 cm. 
440 0 |a Annals of mathematics studies ;  |v no. 15 
504 |a Bibliografía: p. [141]-143. 
510 4 |a MR,  |c 9,20g 
100 1 |a Morse, Marston,  |d 1892-1977. 
084 |a 30  |2 msc2000 
650 0 |a Functions of complex variables. 
650 0 |a Topology. 
010 |a  47030440  
040 |a DLC/ICU  |c ICU 
859 |h 30  |i M884  |p A-5475  |b BIB. MATEMATICA